MDQL
is popping MORE tags! Check the
thread
!
Quizzes
Events
Quiz Creation
Community
Videos
Private Events
Remove Ads
Sign In
Join for FREE
Feedback
Dark Mode
Quiz Categories
Sports
Geography
Music
Movies
Television
Just For Fun
Miscellaneous
History
Literature
Language
Science
Gaming
Entertainment
Religion
Holiday
For Kids
Quiz Lab
Recent
Popular Today
Quiz Kudos Today
Editor Picks
Curator Picks
Quizzes by...
Day
Popularity
Type
Ratings
Length
Year
Community
Subscriptions
Recent Discussions
Orange Saloon
Badges
Playlists
Quests
Create
Leaderboards
Showdown
Live 5
Trivia Bingo
Activity
Puzzle Library
Sporcle Events
Private Events
Virtual Trivia
Globe League
Become a Host
Pub Owners
SporcleCon
Opinionation
Our Games
Videos
Blog
Mobile Apps
Partnerships
Remove Ads and Go Orange
Feedback
Sports
Athletes
MLB
NBA
NHL
NFL
Soccer
Sports Teams
WWE
NCAA
Football
Premier League
Basketball
Baseball
Hockey
Golf
Tennis
Cricket
Rugby
Auto Racing
Olympics
World Cup
Sports
Athletes
MLB
NBA
NHL
NFL
Soccer
Sports Teams
WWE
NCAA
Football
Premier League
Basketball
Baseball
Hockey
Golf
Tennis
Cricket
Rugby
Auto Racing
Olympics
World Cup
Random Quiz
Search Sporcle
×
Quiz Lab
Quiz Lab
Sports
NFL
Type in answers that appear in a list
Type in answers that appear in a list
Classic
Best Score? Go Orange.
NFL Team by Player Stats
Can you name the NFL Team by Player?
By
Kevmaster5000
7m
32 Questions
35 Plays
35 Plays
35 Plays
Comments
Comments
Give Quiz Kudos
Give Quiz Kudos
-
- Ratings
hide this ad
Forced Order
Answers have to be entered in order
Answers have to be entered in order
Random Order
Randomize order of answers
Randomize order of answers
Replay
Link that replays current quiz
Next Quiz
Link to next quiz in quiz playlist
You Got
0%
They Got
Avg Score
30%
Avg Friend Score
Upgrade to see
Score Distribution
Jump to the score distribution portion of the page
Score
0/32
Timer
07:00
0
Plays Today
Player
Team
% Correct
Chris Cooley
Washington Redskins
88.6%
Seneca Wallace
Cleveland Browns
82.9%
Jordan Shipley
Cincinnati Bengals
80%
Ziggy Hood
Pittsburgh Steelers
74.3%
Lardarius Webb
Baltimore Ravens
54.3%
Neil Rackers
Houston Texans
51.4%
Larry English
San Diego Chargers
45.7%
Ben Graham
Arizona Cardinals
34.3%
Ty Warren
Denver Broncos
31.4%
Rodger Saffold
St. Louis Rams
31.4%
Mike McGlynn
Philadelphia Eagles
28.6%
Delone Carter
Indianapolis Colts
22.9%
Jameson Konz
Seattle Seahawks
20%
Mcleod Bethel-
Thompson
San Francisco 49ers
20%
Brandon Saine
Green Bay Packers
20%
Andy Levitre
Buffalo Bills
20%
Player
Team
% Correct
Jimmy Young
Chicago Bears
20%
Willie Young
Detroit Lions
20%
Ikechuku Ndukwe
Miami Dolphins
17.1%
Steve Maneri
New England Patriots
17.1%
Ryan Hill
Minnesota Vikings
17.1%
Mario Butler
Dallas Cowboys
17.1%
Carlton Powell
New York Jets
17.1%
Troy Kropog
Tennessee Titans
17.1%
Cletis Gordon
Carolina Panthers
17.1%
Ed Gant
Tampa Bay Buccaneers
17.1%
Paul Oliver
New Orleans Saints
17.1%
Jim Cordle
New York Giants
17.1%
Jake O'Connell
Kansas City Chiefs
17.1%
Kevin Cone
Atlanta Falcons
14.3%
Mike Lockley
Jacksonville Jaguars
14.3%
Cody Habben
Oakland Raiders
14.3%
Quiz Playlist
Details
Report
Send in Message
Add To Playlist
Classic:
Type in answers that appear in a list
Forced Order:
Answers have to be entered in order
Random Order:
Randomize order of answers
Last Updated: Feb 16, 2017
Quiz Scoreboard
CHALLENGE
Sign Up to Join the Scoreboard
Show All
Scores
Hide
Comments
May contain spoilers
Recently Published
Two Season TV Shows II
by 123Four
Television
10m
Image Sorting: Flags VI
by Barbecue
Geography
2m
Find the 'City' Movie
by crazypaving
Movies
60s
More to Explore
Quiz From the Vault
Featured Blog Post
14 Easter Pick-up Lines to Find Eggs With
hide this ad
You Might Also Like...
Tags
Football Quiz
NFL Quiz
Football Champions
Football Championships
New York
Player
Sporting Events
Sportscenter
Sports Champions
Sports Championships
Today's Top Quizzes in Sports
Browse Sports
hide this ad
Today's Top Quizzes in NFL
Browse NFL
Top Contributed Quizzes in Sports
1
Les meilleurs buteurs des matchs entre le PSG et l’OM
2
Les entraîneurs de l'OM et du PSG au 21e siècle
3
2022 World Cup Stars
4
Les joueurs passés par le PSG et l'OM
5
Players with Multiple 50 Home Run Seasons
6
Criteria MLB: Left Handed Sluggers
7
FIFA Club World Cup Champions
8
Les joueurs passés par le LOSC et le RC Lens
9
NBA Logic Puzzle 2.0
10
Top 10 NHL Goal Scorers of All Time
Explore More
Trending Topics
Anime
Disney
NBA
Marvel
Kpop
Harry Potter
Crossword
Soccer
Pokémon
NFL
Song
WWE
Country
The Office
Puzzle
hide this ad
More By:
Kevmaster5000
Quiz
Plays
Rating
Category
Featured
Created
Things Found in the Minecraft Nether
8,106
3.39
Gaming
Feb 20, 2012
Pure Poison Type Pokemon (Clickable)
1,610
3.56
Gaming
Apr 1, 2012
Donald Trump or Chewbacca
1,472
4.57
Just For Fun
Jul 11, 2011
Profile: Ash Ketchum
573
4.00
Gaming
Jul 11, 2011
Lucky Star Characters by Hair Color
417
4.75
Television
Jul 10, 2012
Go to Creator's Profile
Score Distribution
Quiz Creator Spotlight
Kevmaster5000
Follow
Send a Message
Quizzes Created
-
Created Quiz Play Count
-
More By This Creator
Popular Quizzes Today
1
Colored Red Africa Blitz
2
Find the US States - No Outlines Minefield
3
Find the 'City' Movie
4
5x2 Blitz: Bands
5
The Countries of the World
6
Find the US States
7
Find the Countries of Europe - No Outlines Minefield
8
US States
More Sports Quizzes
Les Français buteurs lors de leur 1er match de LdC
Quiz Lab
Trending Quizzes
Colored Red Europe Blitz I
Colored Red Africa Blitz II
Colored Red Europe Blitz II
Colored Red Africa Blitz III
Colored Red Europe Blitz III
Recently Updated
How Do You Spell That?
pecheneg
Godzilla Movies
pecheneg
Grab Bag: 4-10 Letters
pecheneg
2024 March Madness Bracket
pecheneg
Famous TV Couples
Peacemaker
Champions League XIs: Real Madrid
pecheneg
Largest US Cities 1790-2010
pecheneg
Rides in Walt Disney World
pecheneg
Most Oscar Losses (Acting)
pecheneg
Beyoncé Albums
pecheneg
Trending Topics
Harry Potter
Anime
Disney
NBA
Marvel
Crossword
Kpop
WWE
Song
Country
Soccer
The Office
NFL
Puzzle
Pokémon
Your Account Isn't Verified!
In order to create a playlist on Sporcle, you need to verify the email address you used during registration. Go to your
Sporcle Settings
to finish the process.
Report this User
Report this user for behavior that violates our
Community Guidelines
.
Details:
Send Report
Go to the Sporcle.com Mobile Site →
Comments